NVMEN : (Record no. 9965)
[ view plain ]
| 000 -LEADER | |
|---|---|
| fixed length control field | 02890nam a22007095a 4500 |
| 008 - FIXED-LENGTH DATA ELEMENTS--GENERAL INFORMATION | |
| fixed length control field | 080826k19601975ne|||||fr||| 00| 0 eng dd |
| 010 ## - LIBRARY OF CONGRESS CONTROL NUMBER | |
| LC control number | 58046229 |
| 022 ## - INTERNATIONAL STANDARD SERIAL NUMBER | |
| International Standard Serial Number | 0029-5973 |
| 035 ## - SYSTEM CONTROL NUMBER | |
| System control number | (OCoLC)ocm01760916 |
| 040 ## - CATALOGING SOURCE | |
| Original cataloging agency | EG-ScBuE |
| Language of cataloging | eng |
| Transcribing agency | EG-ScBuE |
| 082 04 - DEWEY DECIMAL CLASSIFICATION NUMBER | |
| Classification number | 200 |
| Item number | NVM |
| Edition number | 22 |
| 245 00 - TITLE STATEMENT | |
| Title | NVMEN : |
| Remainder of title | International Review for the History of Religions / |
| Statement of responsibility, etc | Issued by the international association for the history of religions. |
| 260 ## - PUBLICATION, DISTRIBUTION, ETC. (IMPRINT) | |
| Place of publication, distribution, etc | Netherlands : |
| Name of publisher, distributor, etc | E.J.Brill, |
| Date of publication, distribution, etc | 1960-1975. |
| 300 ## - PHYSICAL DESCRIPTION | |
| Extent | v. ; |
| Dimensions | 25 cm. |
| 504 ## - BIBLIOGRAPHY, ETC. NOTE | |
| Bibliography, etc | Includes bibliographical references. |
| 505 ## - FORMATTED CONTENTS NOTE | |
| Formatted contents note | Issues: V. xlv, no. 1, 2, 3 (1998) |
| 505 ## - FORMATTED CONTENTS NOTE | |
| Formatted contents note | Issues: V. xlviii, no. 1, 2, 3, 4 (2001) |
| 505 ## - FORMATTED CONTENTS NOTE | |
| Formatted contents note | Issues: V. xxxiv, no. 1, 2 (1987) |
| 505 ## - FORMATTED CONTENTS NOTE | |
| Formatted contents note | Issues: V. xxxiii, no. 1, 2 (1986) |
| 505 ## - FORMATTED CONTENTS NOTE | |
| Formatted contents note | Issues: V. xxxviii, no. 1, 2 (1991) |
| 505 ## - FORMATTED CONTENTS NOTE | |
| Formatted contents note | Issues: V. xxix, no. 1, 2 (1982) |
| 505 ## - FORMATTED CONTENTS NOTE | |
| Formatted contents note | Issues: V. xlx, no. 1, 2-3 (1972) |
| 505 ## - FORMATTED CONTENTS NOTE | |
| Formatted contents note | Issues: V. xli, no. 1, 2, 3 (1994) |
| 505 ## - FORMATTED CONTENTS NOTE | |
| Formatted contents note | Issues: V. xxxv, no. 1, 2 (1988) |
| 505 ## - FORMATTED CONTENTS NOTE | |
| Formatted contents note | Issues: V. xl, no. 1, 2, 3 (1993) |
| 505 ## - FORMATTED CONTENTS NOTE | |
| Formatted contents note | Issues: V. xxx, no. 1, 2 (1983) |
| 505 ## - FORMATTED CONTENTS NOTE | |
| Formatted contents note | Issues: V. xxxii, no. 1, 2 (1985) |
| 505 ## - FORMATTED CONTENTS NOTE | |
| Formatted contents note | Issues: V. xxiv, no. 1, 3, (1977) - Issues: V. xxv, no. 1, 2, 3 (1978) |
| 505 ## - FORMATTED CONTENTS NOTE | |
| Formatted contents note | Issues: V. xliii, no. 1, 2,3 (1996) |
| 505 ## - FORMATTED CONTENTS NOTE | |
| Formatted contents note | Issues: V. xliv, no. 1, 2,3 (1997) |
| 505 ## - FORMATTED CONTENTS NOTE | |
| Formatted contents note | Issues: V. xxvii, no. 1, 2 (1980) |
| 505 ## - FORMATTED CONTENTS NOTE | |
| Formatted contents note | Issues: V. xxii, no. 1, 2,3 (1975) |
| 505 ## - FORMATTED CONTENTS NOTE | |
| Formatted contents note | Issues: V. xxiii, no. 1, 2,3 (1976) |
| 505 ## - FORMATTED CONTENTS NOTE | |
| Formatted contents note | Issues: V. xviii, no. 1, 2,3 (1971) |
| 505 ## - FORMATTED CONTENTS NOTE | |
| Formatted contents note | Issues: V. xx, no. 1, 2,3 (1973) |
| 505 ## - FORMATTED CONTENTS NOTE | |
| Formatted contents note | Issues: V. xxxix, no. 1, 2 (1992) |
| 505 ## - FORMATTED CONTENTS NOTE | |
| Formatted contents note | Issues: V. ix, no. 1, 2,3 (1962) |
| 505 ## - FORMATTED CONTENTS NOTE | |
| Formatted contents note | Issues: V. xiv, no. 1, 2, 3, (1967) - Issues: V. xv, no. 1, 2,3 (1968) |
| 505 ## - FORMATTED CONTENTS NOTE | |
| Formatted contents note | Issues: V. xxi, no. 1, 2 (1974) |
| 505 ## - FORMATTED CONTENTS NOTE | |
| Formatted contents note | Issues: V. xlvi, no. 1, 2, 3, 4 (1999) |
| 505 ## - FORMATTED CONTENTS NOTE | |
| Formatted contents note | Issues: V. xii, no. 1, 2,3 (1965) |
| 505 ## - FORMATTED CONTENTS NOTE | |
| Formatted contents note | Issues: V. xiii, no. 1, 2, 3 (1966) |
| 505 ## - FORMATTED CONTENTS NOTE | |
| Formatted contents note | Issues: V. xxxvii, no. 1, 2 (1990) |
| 505 ## - FORMATTED CONTENTS NOTE | |
| Formatted contents note | Issues: V. xxxvi, no. 2 (1989) |
| 505 ## - FORMATTED CONTENTS NOTE | |
| Formatted contents note | Issues: V. vii, no. 1, 2-3 (1960) |
| 505 ## - FORMATTED CONTENTS NOTE | |
| Formatted contents note | Issues: V. viii, no. 1, 2, 3 (1961) |
| 505 ## - FORMATTED CONTENTS NOTE | |
| Formatted contents note | Issues: V. xvii, no. 1, 2,3 (1970) |
| 505 ## - FORMATTED CONTENTS NOTE | |
| Formatted contents note | Issues: V. x, no. 1, 2,3 (1963) |
| 505 ## - FORMATTED CONTENTS NOTE | |
| Formatted contents note | Issues: V. xxvi, no. 1, 2 (1979) |
| 505 ## - FORMATTED CONTENTS NOTE | |
| Formatted contents note | Issues: V. xlii, no. 1, 2,3 (1995) |
| 505 ## - FORMATTED CONTENTS NOTE | |
| Formatted contents note | Issues: V. xxxi, no. 1, 2 (1984) |
| 505 ## - FORMATTED CONTENTS NOTE | |
| Formatted contents note | Issues: V. xxviii, no. 1, 2 (1981) |
| 505 ## - FORMATTED CONTENTS NOTE | |
| Formatted contents note | Issues: V. xlvii, no. 1, 2,4 (2000) |
| 505 ## - FORMATTED CONTENTS NOTE | |
| Formatted contents note | Issues: V. xi, no. 1, 2,3 (1964) |
| 505 ## - FORMATTED CONTENTS NOTE | |
| Formatted contents note | Issues: V. xvi, no. 1, 2,3 (1969) |
| 590 ## - LOCAL NOTE (RLIN) | |
| Local note | yassmeen ashraf |
| 650 #0 - SUBJECT ADDED ENTRY--TOPICAL TERM | |
| Topical term or geographic name as entry element | Religions |
| Form subdivision | Periodicals. |
| 9 (RLIN) | 10045 |
| Source of heading or term | BUEsh |
| 651 ## - SUBJECT ADDED ENTRY--GEOGRAPHIC NAME | |
| Source of heading or term | BUEsh |
| 653 ## - INDEX TERM--UNCONTROLLED | |
| Resource For college | |
| Arrived date list | August2015 |
| 710 2# - ADDED ENTRY--CORPORATE NAME | |
| Corporate name or jurisdiction name as entry element | International Association for the History of Religions. |
| 9 (RLIN) | 10046 |
| 942 ## - ADDED ENTRY ELEMENTS (KOHA) | |
| Item type | Book - Borrowing |
| Source of classification or shelving scheme | Dewey Decimal Classification |
| Withdrawn status | Item status | Source of classification or shelving scheme | Materials specified (bound volume or other part) | Damaged status | Not for loan | Home library | Current library | Shelving location | Date acquired | Source of acquisition | Total Checkouts | Full call number | Barcode | Date last seen | Koha item type | Vendor |
|---|---|---|---|---|---|---|---|---|---|---|---|---|---|---|---|---|
| Dewey Decimal Classification | Lost In Inventory_2005-2015/8/22 | Central Library | Central Library | Lower Floor | 08/07/2008 | Purchase | 200 NVM | 000012922 | 18/08/2021 | NB - Book (Non borrowing) | ||||||
| Dewey Decimal Classification | Central Library | Central Library | Lower Floor | 08/07/2010 | Purchase | 200 NVM | 000012921 | 24/08/2022 | NB - Book (Non borrowing) | |||||||
| Dewey Decimal Classification | Central Library | Central Library | Lower Floor | 08/07/2010 | Purchase | 200 NVM | 000012920 | 15/07/2025 | NB - Book (Non borrowing) | |||||||
| Dewey Decimal Classification | Central Library | Central Library | Lower Floor | 08/07/2010 | Purchase | 200 NVM | 000012919 | 24/08/2022 | NB - Book (Non borrowing) | |||||||
| Dewey Decimal Classification | Central Library | Central Library | Lower Floor | 08/09/2010 | Purchase | 200 NVM | 000012918 | 24/08/2022 | NB - Book (Non borrowing) | |||||||
| Dewey Decimal Classification | Central Library | Central Library | Lower Floor | 08/07/2010 | Purchase | 200 NVM | 000012917 | 24/08/2022 | NB - Book (Non borrowing) | |||||||
| Dewey Decimal Classification | Lost In Inventory_2005-2015/8/22 | Central Library | Central Library | Lower Floor | 08/07/2010 | Purchase | 200 NVM | 000012916 | 18/08/2021 | NB - Book (Non borrowing) | ||||||
| Dewey Decimal Classification | Lost In Inventory_2005-2015/8/22 | Central Library | Central Library | Lower Floor | 08/07/2010 | Purchase | 200 NVM | 000012915 | 18/08/2021 | NB - Book (Non borrowing) | ||||||
| Dewey Decimal Classification | Central Library | Central Library | Lower Floor | 08/07/2010 | Purchase | 200 NVM | 000012914 | 18/08/2021 | NB - Book (Non borrowing) | |||||||
| Dewey Decimal Classification | Central Library | Central Library | Lower Floor | 08/07/2010 | Purchase | 200 NVM | 000012913 | 24/08/2022 | NB - Book (Non borrowing) | |||||||
| Dewey Decimal Classification | Central Library | Central Library | Lower Floor | 08/07/2010 | Purchase | 200 NVM | 000012912 | 24/08/2022 | NB - Book (Non borrowing) | |||||||
| Dewey Decimal Classification | Central Library | Central Library | Lower Floor | 08/07/2010 | Purchase | 200 NVM | 000012911 | 24/08/2022 | NB - Book (Non borrowing) | |||||||
| Dewey Decimal Classification | Lost In Inventory_2005-2015/8/22 | Central Library | Central Library | Lower Floor | 08/07/2010 | Purchase | 200 NVM | 000012910 | 18/08/2021 | NB - Book (Non borrowing) | ||||||
| Dewey Decimal Classification | Lost In Inventory_2005-2015/8/22 | Central Library | Central Library | Lower Floor | 08/07/2010 | Purchase | 200 NVM | 000012909 | 18/08/2021 | NB - Book (Non borrowing) | ||||||
| Lost | Dewey Decimal Classification | Lost_In_Inventory_12-2-2024 | Central Library | Central Library | Lower Floor | 08/07/2010 | Donation | 200 NVM | 000012908 | 24/08/2022 | NB - Book (Non borrowing) | AUC | ||||
| Dewey Decimal Classification | Central Library | Central Library | Lower Floor | 08/07/2010 | Purchase | 200 NVM | 000012907 | 24/08/2022 | NB - Book (Non borrowing) | |||||||
| Dewey Decimal Classification | Lost In Inventory_2005-2015/8/22 | Central Library | Central Library | Lower Floor | 08/07/2010 | Purchase | 200 NVM | 000012906 | 18/08/2021 | NB - Book (Non borrowing) | ||||||
| Dewey Decimal Classification | Lost In Inventory_2005-2015/8/22 | Central Library | Central Library | Lower Floor | 08/07/2010 | Purchase | 200 NVM | 000012905 | 18/08/2021 | NB - Book (Non borrowing) | ||||||
| Dewey Decimal Classification | Central Library | Central Library | Lower Floor | 08/07/2010 | Purchase | 200 NVM | 000012904 | 24/08/2022 | NB - Book (Non borrowing) | |||||||
| Dewey Decimal Classification | Lost In Inventory_2005-2015/8/22 | Central Library | Central Library | Lower Floor | 08/07/2010 | Purchase | 200 NVM | 000012903 | 18/08/2021 | NB - Book (Non borrowing) | ||||||
| Dewey Decimal Classification | Central Library | Central Library | Lower Floor | 08/07/2010 | Purchase | 200 NVM | 000012902 | 24/08/2022 | NB - Book (Non borrowing) | |||||||
| Dewey Decimal Classification | Central Library | Central Library | Lower Floor | 08/07/2010 | Purchase | 200 NVM | 000012901 | 24/08/2022 | NB - Book (Non borrowing) | |||||||
| Dewey Decimal Classification | Lost In Inventory_2005-2015/8/22 | Central Library | Central Library | Lower Floor | 08/07/2010 | Purchase | 200 NVM | 000012900 | 18/08/2021 | NB - Book (Non borrowing) | ||||||
| Dewey Decimal Classification | Central Library | Central Library | Lower Floor | 08/07/2010 | Purchase | 200 NVM | 000012899 | 18/08/2021 | NB - Book (Non borrowing) | |||||||
| Dewey Decimal Classification | Central Library | Central Library | Lower Floor | 08/07/2010 | Purchase | 200 NVM | 000012898 | 24/08/2022 | NB - Book (Non borrowing) | |||||||
| Dewey Decimal Classification | Lost In Inventory_2005-2015/8/22 | Central Library | Central Library | Lower Floor | 08/07/2010 | Purchase | 200 NVM | 000012897 | 18/08/2021 | NB - Book (Non borrowing) | ||||||
| Dewey Decimal Classification | Lost In Inventory_2005-2015/8/22 | Central Library | Central Library | Lower Floor | 08/07/2010 | Purchase | 200 NVM | 000012896 | 18/08/2021 | NB - Book (Non borrowing) | ||||||
| Dewey Decimal Classification | Central Library | Central Library | Lower Floor | 08/07/2010 | Purchase | 200 NVM | 000012895 | 24/08/2022 | NB - Book (Non borrowing) | |||||||
| Dewey Decimal Classification | Lost In Inventory_2005-2015/8/22 | Central Library | Central Library | Lower Floor | 08/07/2010 | Purchase | 200 NVM | 000012894 | 18/08/2021 | NB - Book (Non borrowing) | ||||||
| Dewey Decimal Classification | Central Library | Central Library | Lower Floor | 08/07/2010 | Purchase | 200 NVM | 000012893 | 24/08/2022 | NB - Book (Non borrowing) | |||||||
| Dewey Decimal Classification | Lost In Inventory_2005-2015/8/22 | Central Library | Central Library | Lower Floor | 08/07/2010 | Purchase | 200 NVM | 000012892 | 18/08/2021 | NB - Book (Non borrowing) | ||||||
| Lost | Dewey Decimal Classification | Lost_In_Inventory_12-2-2024 | Central Library | Central Library | Lower Floor | 08/07/2010 | 200 NVM | 000012891 | 24/08/2022 | NB - Book (Non borrowing) | AUC | |||||
| Dewey Decimal Classification | Central Library | Central Library | Lower Floor | 08/07/2010 | Purchase | 200 NVM | 000012890 | 24/08/2022 | NB - Book (Non borrowing) | |||||||
| Dewey Decimal Classification | Lost In Inventory_2005-2015/8/22 | Central Library | Central Library | Lower Floor | 08/07/2010 | Purchase | 200 NVM | 000012889 | 24/08/2022 | NB - Book (Non borrowing) | ||||||
| Dewey Decimal Classification | Central Library | Central Library | Lower Floor | 08/07/2010 | Purchase | 200 NVM | 000012888 | 24/08/2022 | NB - Book (Non borrowing) | |||||||
| Dewey Decimal Classification | Lost In Inventory_2005-2015/8/22 | Central Library | Central Library | Lower Floor | 08/07/2010 | Purchase | 200 NVM | 000012887 | 18/08/2021 | NB - Book (Non borrowing) | ||||||
| Dewey Decimal Classification | Lost In Inventory_2005-2015/8/22 | Central Library | Central Library | Lower Floor | 08/07/2010 | Purchase | 200 NVM | 000012886 | 18/08/2021 | NB - Book (Non borrowing) | ||||||
| Dewey Decimal Classification | Central Library | Central Library | Lower Floor | 08/07/2010 | Purchase | 200 NVM | 000012885 | 24/08/2022 | NB - Book (Non borrowing) | |||||||
| Dewey Decimal Classification | Lost In Inventory_2005-2015/8/22 | Central Library | Central Library | Lower Floor | 08/07/2010 | Purchase | 200 NVM | 000012884 | 18/08/2021 | NB - Book (Non borrowing) | ||||||
| Dewey Decimal Classification | Lost In Inventory_2005-2015/8/22 | Central Library | Central Library | Lower Floor | 08/07/2010 | Purchase | 200 NVM | 000012883 | 18/08/2021 | NB - Book (Non borrowing) |